| 000 | 01646njm a2200397 c 4500 | ||
|---|---|---|---|
| 003 | BLK | ||
| 005 | 20240102131109.0 | ||
| 008 | 180410b bul||n||s|||||||| n|bulo| | ||
| 010 | _aCDD00008744000 | ||
| 020 |
_a978-954-344-252-2 _bиздат.: Клет България |
||
| 040 | _aBLK | ||
| 041 |
_aENG _cENG |
||
| 072 | 7 |
_2bullib _aФ03 _xУчебни материали Ф |
|
| 080 |
_aАнглийски език _b811.111 _x(075.4)(086.7) _z811.111(075.4)(086.7) |
||
| 139 |
_aКурсът за мен. Английски език [аудио CD] _bК 94 |
||
| 245 | 1 | 0 |
_aКурсът за мен. Английски език [аудио CD] _bНиво A1 - A2 : Самоучител : CD 1 - _nCD 2 _pУроци 9 - 16 и преговор 3+4 |
| 257 |
_aBGR _aDEU |
||
| 260 |
_аСофия _bКлет България _bPONS _c2014 |
||
| 300 | _c12 см | ||
| 306 | _bф | ||
| 380 | _a80 | ||
| 490 | 1 | _aPONS | |
| 500 | _aДигитално изд. - Прил. към кн. със същото загл. и сигн. 272657. | ||
| 650 | 4 |
_aАнглийски език - учебни помагала - слушане _9274487 |
|
| 653 | _aанглийски език | ||
| 653 | _aучебни помагала | ||
| 653 | _aучебници за самообразование | ||
| 659 | _aФ | ||
| 760 | 1 |
_d2014 _h(52 мин. 08 сек.) _tCD 2 Уроци 9 - 16 и преговор 3+4 |
|
| 852 |
_aЦб CD 3906 _p0 |
||
| 856 | 4 |
_qpdf _u |
|
| 856 | 4 |
_qpdf _u |
|
| 942 |
_cCDD _n0 _05 |
||
| 944 |
_aCR _c13.02.2015 _k30556 _lТеодора Пейчева-Дянкова |
||
| 944 |
_aED _c29.10.2015 _kПенка_Димитрова |
||
| 999 |
_c227840 _d227840 |
||